Detalles MARC
| 000 -LIDER |
| fixed length control field |
01204njm a2200385 c 4500 |
| 001 - NÚMERO DE CONTROL |
| Identificador de número de control |
|
| 003 - IDENTIFICACDOR DE NÚMERO DE CONTROL |
| control field |
DO-SdBNP |
| 005 - DATE AND TIME OF LATEST TRANSACTION |
| control field |
20250205090221.0 |
| 008 - ELEMENTOS DE LONGITUD FIJA |
| fixed length control field |
160127s 2008 sp d spa |
| 015 ## - NÚMERO DENTRO DE LA BIBLIOGRAFÍA NACIONAL |
| National bibliography number |
|
| 017 ## - NÚMERO DE REGISTRO DE DERECHOS DE AUTOR |
| Copyright or legal deposit number |
|
| Assigning agency |
|
| 020 ## - ISBN |
| International Standard Book Number |
9788497645768 |
| 028 00 - NÚMERO DE EDITOR MUSICAL |
| Publisher number |
|
| Source |
|
| 035 ## - NÚMERO LOCAL |
| System control number |
|
| 040 ## - FUENTE DE CATALOGACIÓN |
| Agencia que crea de manera original el registro |
BPMSU |
| Idioma de catalogación |
spa |
| Agencia que realiza la transcripción |
BPMSU |
| Convenciones de la despripción |
|
| 082 ## - NÚMERO DE CLASIFICACIÓN DECIMAL DE DEWEY |
| Classification number |
923.146 |
| Item number |
F363D 2008 |
| Edition number |
22 |
| 084 ## - OTRO NÚMERO DE CLASIFICACIÓN |
| Classification number |
|
| Number source |
|
| 100 1# - ASIENTO PRINCIPAL -- NOMBRE PERSONAL |
| Nombre personal |
Díaz Villanueva, Fernando |
| Fechas asociadas con el nombre |
1970- |
| Término de relación |
|
| 240 10 - TITULO UNIFORME |
| Título uniforme |
|
| Número de la parte o sección de una obra |
|
| Clave musical |
|
| 245 10 - MENCIÓN DE TITULO |
| Título |
Femando el Católico / |
| Mención de responsabilidad |
Fernando Díaz Villanueva |
| 260 ## - PUBLICACIÓN, DISTRIBUCIÓN, ETC. (PIE DE IMPRENTA) |
| Lugar de publicación, distribución, etc |
Madrid : |
| Nombre del editor, distribuidor, etc. |
Edimat Libros, |
| Fecha de publicación, distribución, etc |
2008 |
| 300 ## - DESCRIPCIÓN FÍSICA |
| Extensión |
190 p. ; |
| Dimensiones |
23 cm. |
| Material complementario |
|
| Otros detalles físicos |
|
| 490 0# - MENCIÓN DE SERIES |
| Mención de serie |
Grandes biografías |
| 500 ## - NOTA GENERAL |
| Nota general |
Incluye referencias bibliográficas y notas al pie de las páginas |
| 504 ## - NOTA DE BIBLIOGRAFÍA, ETC. |
| Bibliography, etc |
Bibliografía. p.: 187-188 |
| 505 0# - NOTA DE CONTENIDO |
| Texto normalizado de contenido |
|
| 511 1# - PARTICIPANT OR PERFORMER NOTE |
| Participant or performer note |
Ludwig Trio ; Hyo-Sun Lim, piano ; Orquesta Sinfónica de Galicia ; Víctor Pablo Pérez, director |
| 590 ## - NOTA LOCAL |
| Enlace |
Inventariado, 2022/VM |
| 600 14 - ENCABEZAMIENTO DE MATERIA--NOMBRE PERSONAL |
| Nombre personal |
Fernando |
| Numeración |
V, |
| Títulos u otras palabras asociadas con el nombre |
El Católico, Rey de España, |
| Fechas asociadas con el nombre |
1452-1510. |
| 650 #4 - ENCABEZAMIENTO DE MATERIA--TEMÁTICO |
| Término temático o nombre geográfico como elemento de entrada |
Monarquía |
| Subdivisión cronológica |
1452-1516. |
| Subdivisión geográfica |
España |
| Subdivisión temática general |
|
| 650 #4 - ENCABEZAMIENTO DE MATERIA--TEMÁTICO |
| Término temático o nombre geográfico como elemento de entrada |
Reyes y soberanos |
| Subdivisión cronológica |
1452-1516. |
| 651 #4 - ENCABEZAMIENTO DE MATERIA--NOMBRE GEOGRÁFICO |
| Nombre geográfico |
España |
| Subdivisión temática general |
Historia |
| Subdivisión cronológica |
1452-1516. |
| 910 ## - VALIDACIÓN |
| Validación |
VMateo V. |
| 942 ## - ADDED ENTRY ELEMENTS (KOHA) |
| Source of classification or shelving scheme |
Dewey Decimal Classification |
| Koha item type |
Libros |